MDQL
is popping MORE tags! Check the
thread
!
Quizzes
Events
Quiz Creation
Community
Videos
Private Events
Remove Ads
Sign In
Join for FREE
Feedback
Dark Mode
Quiz Categories
Sports
Geography
Music
Movies
Television
Just For Fun
Miscellaneous
History
Literature
Language
Science
Gaming
Entertainment
Religion
Holiday
For Kids
Quiz Lab
Recent
Popular Today
Quiz Kudos Today
Editor Picks
Curator Picks
Quizzes by...
Day
Popularity
Type
Ratings
Length
Year
Community
Subscriptions
Recent Discussions
Orange Saloon
Badges
Playlists
Quests
Create
Leaderboards
Showdown
Live 5
Trivia Bingo
Activity
Puzzle Library
Sporcle Events
Private Events
Virtual Trivia
Globe League
Become a Host
Pub Owners
SporcleCon
Opinionation
Our Games
Videos
Blog
Mobile Apps
Partnerships
Remove Ads and Go Orange
Feedback
Television
TV Characters
TV Show
Sitcom
Network
Friends
Reality Shows
Cast
South Park
Star Trek
The Simpsons
Doctor Who
Television
TV Characters
TV Show
Sitcom
Network
Friends
Reality Shows
Cast
South Park
Star Trek
The Simpsons
Doctor Who
Random Quiz
Search Sporcle
×
Quiz Lab
Quiz Lab
Television
Cast
Type in answers that appear in a list
Type in answers that appear in a list
Classic
Best Score? Go Orange.
Arrested Development ID's Stats
Can you name the Arrested Development Character by what he/she has done?
By
guerriero
4m
16 Questions
870 Plays
870 Plays
870 Plays
Comments
Comments
Give Quiz Kudos
Give Quiz Kudos
-
- Ratings
hide this ad
Forced Order
Answers have to be entered in order
Answers have to be entered in order
Replay
Link that replays current quiz
Next Quiz
Link to next quiz in quiz playlist
You Got
0%
They Got
Avg Score
51%
Avg Friend Score
Upgrade to see
Score Distribution
Jump to the score distribution portion of the page
Score
0/16
Timer
04:00
0
Plays Today
Description
Characters
% Correct
Milford Academy's prized student
Buster
96.9%
She pitches her life story, as an idea for a new television show, to her boss Ron Howard, who says that her story may be better as a movie.
Maeby
74%
This character's fingerprints have been burned off by the family Cornballer, prevents him from establishing his identity.
Oscar
73.3%
This character jumps halfway down the staircase to the ground floor with an umbrella in hand, collapsing and destroying the coffee table
Mrs. Featherbottom
64.3%
He was once be called 'the worst audience participant Cirque du Soleil ever had' because he 'did not find their buffoonery amusing.'
Wayne Jarvis
58.5%
Cant seduce Micheal because he is not 'into older women'
Lindsay
54.3%
At one point Gob thinks this characters name is 'Crindy' and 'Saul Zaentzman'
Gobs wife
51%
The son of Eve
Steve Holt
48.9%
Description
Characters
% Correct
Lucille suggests this character go out for lunch with Lucille II
Carl Weathers
44.7%
From the very beginning this character knows George Michael is in love with his cousin
Narrator
43.8%
Revealed as a 'never-
nude' on camera
Phillip Litt
42.4%
Helps Gob escape from jail
White Power Bill
41.5%
Refers to Tobias as 'Mr.Gay'
Lupe
36.7%
Testifies in court saving the bluth family
Franklin
35.7%
Considered to be part of the family despite screwing them on numerous occasions
Barry Zuckerkorn
32%
This character is a former actor and current gun activist
Frank Wrench
29.2%
Quiz Playlist
Details
Report
Send in Message
Add To Playlist
Classic:
Type in answers that appear in a list
Forced Order:
Answers have to be entered in order
Last Updated: Dec 24, 2018
Quiz Scoreboard
CHALLENGE
Sign Up to Join the Scoreboard
Show All
Scores
Hide
Comments
May contain spoilers
Recently Published
1-10 Letter E Words III
by El_Dandy
Language
2m
Street Fighter Characters
by Artimus82
Gaming
60s
College Basketball Coaching Resumes
by pancakes188
Sports
9m
More to Explore
Quiz From the Vault
Featured Blog Post
Where Did the Easter Bunny Come From?
hide this ad
You Might Also Like...
Tags
Cast Quiz
Arrested Development
Today's Top Quizzes in Television
Browse Television
hide this ad
Today's Top Quizzes in Cast
Browse Cast
Top Contributed Quizzes in Television
1
Survivor Journey Challenge
2
Adjectives in 80s TV Shows
3
5-to-1: The Simpsons Families
4
Adjectives in 00s TV Shows
5
5-to-1: Television Doctors
6
Adjectives in 10s TV Shows
7
7-to-1: TV Show Settings
8
5-to-1: Streaming Originals
9
Adjectives in 70s TV Shows
10
Survivor Seasons
Explore More
Trending Topics
Kpop
Harry Potter
Marvel
Disney
Anime
Crossword
NBA
Puzzle
Soccer
The Office
WWE
Country
Song
NFL
Pokémon
hide this ad
More By:
guerriero
Quiz
Plays
Rating
Category
Featured
Created
Arrested Development ID's
870
3.27
Television
Nov 15, 2010
Go to Creator's Profile
Score Distribution
Quiz Creator Spotlight
guerriero
Follow
Send a Message
Quizzes Created
-
Created Quiz Play Count
-
More By This Creator
Popular Quizzes Today
1
Find the US States - No Outlines Minefield
2
Find the Countries of Europe - No Outlines Minefield
3
The Countries of the World
4
Find the US States
5
Risky Map Clicking: Biggest States A-Z
6
US States
7
Popular People in 1961
8
Movies - When Are They Set?
More Television Quizzes
Sons of Anarchy Cast Photo
Curator's Pick
Trending Quizzes
Risky Map Clicking: Least Populous States A-Z
Billboard Blitz: Aretha Franklin
Famous Russians: Author or Composer?
1-10 Letter G Words
Countries of the World: 200 Million BC
Recently Updated
Leaping Animals
pecheneg
Reality TV Shows (A-Z)
bhenderson79
Rickey Henderson's Hall of Fame Teammates
pecheneg
Champions League XIs: Arsenal
pecheneg
Quick Pick: Celebrities in WWE's Hall of Fame
aduchscher
A-Z Keypad Blitz II
pecheneg
Multiple Oscar Actors
pecheneg
Mystery Phrase Blitz: Oscar 'Best Actors'
pecheneg
F. Scott Fitzgerald Novels
LTH
Pick 3 Villains
ddd62291
Trending Topics
Anime
NBA
Harry Potter
Kpop
Marvel
Disney
Crossword
Soccer
WWE
Puzzle
The Office
Song
Pokémon
Country
NFL
Your Account Isn't Verified!
In order to create a playlist on Sporcle, you need to verify the email address you used during registration. Go to your
Sporcle Settings
to finish the process.
Report this User
Report this user for behavior that violates our
Community Guidelines
.
Details:
Send Report
Go to the Sporcle.com Mobile Site →
Comments